Význam multikriteriálnej klasifikácie situácií pre riadenie zložitých systémov

Bibliographic Details
Main Author: Ocelíková, Eva, 1942-2023 (Author)
Format: Article
Language:Slovak
Subjects:

MARC

LEADER 00000nab a2200000 a 4500
001 vtls000349210
003 SK-MaSNL
005 20260304033931.0
008 111202c1987 xo 0 slo
015 |a SNBRA19rr/mm-uuuuu 
035 |a CL0349332 
040 |a SNKBUCL  |b slo  |c SNKBUCL  |e AACR2 
041 0 |a slo 
044 |a xo  |c SK 
080 |a 681.51.03:519.876.2  |2 1981 
080 |a 519.876.2  |2 1981 
100 1 |a Ocelíková, Eva,  |d 1942-2023  |4 aut  |9 7570 
245 1 0 |a Význam multikriteriálnej klasifikácie situácií pre riadenie zložitých systémov  |c E. Ocelíková 
300 |b Lit. 3 zázn. v češ., angl. 
650 0 7 |a systémy zložité  |2 snkbucl  |9 922889 
650 0 7 |a riadenie systémov  |2 snkbucl  |9 969351 
650 0 7 |a klasifikácia situácií multikriteriálna (kyb.)  |2 snkbucl  |9 1316275 
650 0 7 |a stratégia riadiaca  |2 snkbucl  |9 1316276 
655 7 |a články zo zborníkov  |2 snkbucl  |9 166140 
773 0 |t Počítačové riadenie diskrétnych procesov  |d Bratislava : Dom techniky ČSVTS, 1987 
850 |a Slovenská národná knižnica v Martine  |a MTA001 
852 |a SNK  |b KIS3GCP 
958 |a RK 
992 |a RZB 
999 |c 2650488  |d 2652418